Gaming Quiz

Random Gaming or Video Games Quiz

Video Games by Concept Art Quiz Stats

 Plays Quiz Updated Sep 8, 2015

Challenge
Share
Tweet
Score 0/25 Timer 10:00
3 Plays Today
% Correct
The Legend of Zelda
97.3%
Halo: Reach
90%
Batman: Arkham City
89.9%
Grand Theft Auto IV
88.8%
Pokémon Red and Green
84.8%
Assassin's Creed
81.2%
Portal
80.7%
Star Wars: The Force Unleashed
79.2%
God of War: Ascension
79.2%
The Last of Us
71.9%
Bioshock
68.8%
World of Warcraft
64.9%
L.A. Noire
55.8%
% Correct
Uncharted 3
55.2%
Deus Ex: Human Revolution
53.2%
Mass Effect
47.7%
Fallout 3
46.1%
Mirror's Edge
43.6%
Journey
43.4%
Dragon Age: Origins
42.2%
The Elder Scrolls V: Skyrim
41.5%
Killzone 2
40.5%
Metal Gear Solid
40.2%
Final Fantasy VII
35.7%
Enslaved: Odyssey to the West
10%

You're not logged in!

Compare scores with friends on all Sporcle quizzes.
Join for Free
OR
Log In

You Might Also Like...

Show Comments

Extras

Top Quizzes Today


Score Distribution

Your Account Isn't Verified!

In order to create a playlist on Sporcle, you need to verify the email address you used during registration. Go to your Sporcle Settings to finish the process.

Report this User

Report this user for behavior that violates our Community Guidelines.

Details: